[Event "U12-U20 French Championships"]
[Site "chess24.com"]
[Date "2019.04.15"]
[Round "3"]
[White "Pigeat, Alexandre"]
[Black "Pillard, Valentin"]
[Result "1-0"]
[Board "2"]
[WhiteTitle "FM"]
[WhiteElo "2347"]
[WhiteCountry "FRA"]
[WhiteFideId "20649444"]
[WhiteEloChange "4"]
[BlackElo "2093"]
[BlackCountry "FRA"]
[BlackFideId "20666764"]
[BlackEloChange "-4"]

1. d4 {[%clk 1:30:57]} Nf6 {[%clk 1:27:46]} 2. c4 {[%clk 1:30:16]} e6 {[%clk
1:28:06]} 3. Nc3 {[%clk 1:30:36]} Bb4 {[%clk 1:28:29]} 4. e3 {[%clk 1:30:55]} O-O
{[%clk 1:28:48]} 5. Ne2 {[%clk 1:31:08]} c6 {[%clk 1:27:01]} 6. a3 {[%clk
1:30:49]} Ba5 {[%clk 1:27:25]} 7. Qc2 {[%clk 1:28:26]} d6 {[%clk 1:23:06]} 8. Ng3
{[%clk 1:26:16]} e5 {[%clk 1:21:04]} 9. dxe5 {[%clk 1:23:57]} dxe5 {[%clk
1:20:54]} 10. Bd3 {[%clk 1:23:46]} Na6 {[%clk 1:17:09]} 11. b4 {[%clk 1:23:40]}
Bxb4 {[%clk 1:17:05]} 12. O-O {[%clk 1:23:42]} Be7 {[%clk 1:08:12]} 13. Qe2
{[%clk 1:17:48]} Nc5 {[%clk 1:02:44]} 14. Bc2 {[%clk 1:18:07]} g6 {[%clk
0:59:38]} 15. Bb2 {[%clk 1:17:16]} Bg4 {[%clk 0:59:14]} 16. f3 {[%clk 1:17:25]}
Be6 {[%clk 0:59:36]} 17. f4 {[%clk 1:11:21]} Bg4 {[%clk 0:50:27]} 18. Qf2 {[%clk
1:09:04]} exf4 {[%clk 0:49:29]} 19. Qxf4 {[%clk 1:08:51]} Ne6 {[%clk 0:31:19]}
20. Qf2 {[%clk 1:00:42]} Ng7 {[%clk 0:28:32]} 21. h3 {[%clk 0:58:46]} Be6 {[%clk
0:28:51]} 22. Nce2 {[%clk 0:48:16]} Nfh5 {[%clk 0:25:21]} 23. Nxh5 {[%clk
0:37:47]} Nxh5 {[%clk 0:25:34]} 24. Nd4 {[%clk 0:35:17]} Ng7 {[%clk 0:20:30]} 25.
Rad1 {[%clk 0:31:26]} Qb6 {[%clk 0:18:05]} 26. Bc3 {[%clk 0:29:01]} Bxc4 {[%clk
0:16:44]} 27. Rfe1 {[%clk 0:24:20]} Rad8 {[%clk 0:14:41]} 28. Qf4 {[%clk
0:24:09]} Rd5 {[%clk 0:13:28]} 29. Nf3 {[%clk 0:21:02]} Rxd1 {[%clk 0:11:32]} 30.
Rxd1 {[%clk 0:21:27]} Be6 {[%clk 0:10:24]} 31. Bd4 {[%clk 0:21:08]} Qa5 {[%clk
0:09:26]} 32. Rb1 {[%clk 0:17:04]} Nf5 {[%clk 0:04:07]} 33. Rxb7 {[%clk 0:12:00]}
Bd6 {[%clk 0:03:07]} 34. Qg5 {[%clk 0:11:29]} h6 {[%clk 0:02:11]} 35. Qf6 {[%clk
0:11:16]} Nxd4 {[%clk 0:02:32]} 36. exd4 {[%clk 0:08:14]} Qa6 {[%clk 0:01:13]}
37. Rb1 {[%clk 0:06:43]} Qc8 {[%clk 0:00:44]} 38. Re1 {[%clk 0:04:53]} Bg3 {[%clk
0:00:39]} 39. Re3 {[%clk 0:03:53]} Bf5 {[%clk 0:00:50]} 40. Bb3 {[%clk 0:03:56]}
Qd8 {[%clk 0:00:33]} 41. Bxf7+ {[%clk 0:04:17]} Kh7 {[%clk 0:01:32]} 42. Re7
{[%clk 0:04:29]} Qxe7 {[%clk 0:00:34]} 43. Qxe7 {[%clk 0:04:52]} Bd6 {[%clk
0:00:33]} 1-0

[Event "U12-U20 French Championships"]
[Site "chess24.com"]
[Date "2019.04.15"]
[Round "3"]
[White "Galaud, Vincent"]
[Black "Eugene, Floryan"]
[Result "0-1"]
[Board "3"]
[WhiteElo "2035"]
[WhiteCountry "FRA"]
[WhiteFideId "36024546"]
[WhiteEloChange "-4"]
[BlackTitle "FM"]
[BlackElo "2294"]
[BlackCountry "FRA"]
[BlackFideId "20694784"]
[BlackEloChange "4"]

1. e4 {[%clk 1:30:55]} e5 {[%clk 1:29:13]} 2. Nf3 {[%clk 1:31:21]} Nc6 {[%clk
1:29:37]} 3. Nc3 {[%clk 1:31:46]} Nf6 {[%clk 1:29:56]} 4. d4 {[%clk 1:32:12]}
exd4 {[%clk 1:30:20]} 5. Nxd4 {[%clk 1:32:36]} Bb4 {[%clk 1:29:37]} 6. Nxc6
{[%clk 1:32:53]} bxc6 {[%clk 1:30:04]} 7. Bd3 {[%clk 1:33:14]} d5 {[%clk
1:30:16]} 8. exd5 {[%clk 1:33:37]} cxd5 {[%clk 1:26:17]} 9. O-O {[%clk 1:33:57]}
O-O {[%clk 1:26:45]} 10. Bg5 {[%clk 1:34:19]} c6 {[%clk 1:27:07]} 11. Qf3 {[%clk
1:34:45]} Bd6 {[%clk 1:19:15]} 12. h3 {[%clk 1:27:44]} Re8 {[%clk 1:15:31]} 13.
Ne2 {[%clk 1:26:10]} Be5 {[%clk 1:13:46]} 14. c3 {[%clk 1:25:18]} h6 {[%clk
1:12:34]} 15. Bf4 {[%clk 1:14:02]} Qd6 {[%clk 1:08:08]} 16. Rfe1 {[%clk 1:10:09]}
Bd7 {[%clk 1:06:32]} 17. Rad1 {[%clk 1:07:56]} Rab8 {[%clk 1:00:36]} 18. b3
{[%clk 1:06:33]} c5 {[%clk 0:54:08]} 19. Bxe5 {[%clk 1:01:13]} Rxe5 {[%clk
0:54:20]} 20. Ng3 {[%clk 0:59:57]} Rbe8 {[%clk 0:54:31]} 21. Rxe5 {[%clk
0:58:31]} Rxe5 {[%clk 0:54:40]} 22. Bf5 {[%clk 0:51:23]} Bc6 {[%clk 0:54:08]} 23.
Qd3 {[%clk 0:47:45]} Qe7 {[%clk 0:45:57]} 24. Qa6 {[%clk 0:41:24]} Be8 {[%clk
0:45:18]} 25. Kh2 {[%clk 0:36:32]} g6 {[%clk 0:44:49]} 26. Bc8 {[%clk 0:31:25]}
h5 {[%clk 0:43:48]} 27. Bb7 {[%clk 0:25:24]} h4 {[%clk 0:42:26]} 28. Nf1 {[%clk
0:25:28]} Re6 {[%clk 0:42:54]} 29. Qxa7 {[%clk 0:24:42]} Qc7+ {[%clk 0:43:22]}
30. Kg1 {[%clk 0:24:59]} Rb6 {[%clk 0:43:50]} 31. Ne3 {[%clk 0:19:59]} Qxb7
{[%clk 0:40:32]} 32. Qxb7 {[%clk 0:19:23]} Rxb7 {[%clk 0:41:00]} 33. Nxd5 {[%clk
0:19:36]} Nxd5 {[%clk 0:40:59]} 34. Rxd5 {[%clk 0:19:58]} Rc7 {[%clk 0:41:25]}
35. Re5 {[%clk 0:19:11]} Bd7 {[%clk 0:41:17]} 36. Re4 {[%clk 0:18:57]} Ra7 {[%clk
0:38:53]} 37. Rxh4 {[%clk 0:18:22]} Be6 {[%clk 0:38:47]} 38. Re4 {[%clk 0:17:43]}
Rxa2 {[%clk 0:39:00]} 39. Re5 {[%clk 0:18:02]} Ra5 {[%clk 0:39:18]} 40. c4 {[%clk
0:16:22]} Kg7 {[%clk 0:38:58]} 41. Kh2 {[%clk 0:15:45]} Kf6 {[%clk 0:39:20]} 42.
f4 {[%clk 0:15:38]} Ra3 {[%clk 0:39:41]} 43. Rxc5 {[%clk 0:15:34]} Rxb3 {[%clk
0:40:09]} 44. Ra5 {[%clk 0:08:06]} Bxc4 {[%clk 0:40:01]} 45. Ra4 {[%clk 0:07:27]}
Bb5 {[%clk 0:38:47]} 46. Ra2 {[%clk 0:07:46]} Kf5 {[%clk 0:38:54]} 47. Rf2 {[%clk
0:08:08]} Re3 {[%clk 0:39:02]} 48. Rb2 {[%clk 0:05:35]} Bc4 {[%clk 0:39:01]} 49.
Rf2 {[%clk 0:05:58]} Re2 {[%clk 0:38:51]} 50. Rf3 {[%clk 0:04:48]} Bd5 {[%clk
0:39:10]} 0-1

[Event "U12-U20 French Championships"]
[Site "chess24.com"]
[Date "2019.04.15"]
[Round "3"]
[White "Roque, Gaetan"]
[Black "Roussel, Simon"]
[Result "1-0"]
[Board "4"]
[WhiteElo "2029"]
[WhiteCountry "FRA"]
[WhiteFideId "20666934"]
[WhiteEloChange "13"]
[BlackElo "2126"]
[BlackCountry "FRA"]
[BlackFideId "26025710"]
[BlackEloChange "-13"]

1. d4 {[%clk 1:22:55]} Nf6 {[%clk 1:30:47]} 2. c4 {[%clk 1:23:20]} e6 {[%clk
1:31:01]} 3. Nf3 {[%clk 1:23:38]} b6 {[%clk 1:31:16]} 4. g3 {[%clk 1:23:57]} Ba6
{[%clk 1:29:07]} 5. Qc2 {[%clk 1:23:56]} d5 {[%clk 1:27:47]} 6. Ne5 {[%clk
1:12:32]} dxc4 {[%clk 1:21:21]} 7. Bg2 {[%clk 1:10:59]} Nd5 {[%clk 1:20:43]} 8.
Nc3 {[%clk 0:57:09]} c6 {[%clk 1:15:39]} 9. Ne4 {[%clk 0:51:17]} Nb4 {[%clk
1:07:35]} 10. Qb1 {[%clk 0:42:55]} Be7 {[%clk 0:58:50]} 11. a3 {[%clk 0:40:26]}
Nd5 {[%clk 0:56:44]} 12. Qc2 {[%clk 0:39:54]} b5 {[%clk 0:54:43]} 13. Bd2 {[%clk
0:36:13]} Bb7 {[%clk 0:52:21]} 14. h4 {[%clk 0:34:34]} Nd7 {[%clk 0:49:37]} 15.
Bg5 {[%clk 0:26:53]} N7f6 {[%clk 0:40:16]} 16. O-O {[%clk 0:23:05]} Nxe4 {[%clk
0:32:54]} 17. Bxe7 {[%clk 0:23:28]} Qxe7 {[%clk 0:32:43]} 18. Bxe4 {[%clk
0:22:12]} f6 {[%clk 0:29:01]} 19. Nf3 {[%clk 0:10:03]} f5 {[%clk 0:26:01]} 20.
Bxd5 {[%clk 0:10:27]} cxd5 {[%clk 0:26:30]} 21. Qd2 {[%clk 0:10:06]} a5 {[%clk
0:21:52]} 22. Ne5 {[%clk 0:07:32]} O-O {[%clk 0:02:53]} 23. Qg5 {[%clk 0:06:52]}
Qxg5 {[%clk 0:13:21]} 24. hxg5 {[%clk 0:07:20]} Bc8 {[%clk 0:05:12]} 25. Kg2
{[%clk 0:07:28]} Ra7 {[%clk 0:04:56]} 26. Rh1 {[%clk 0:07:15]} Bd7 {[%clk
0:02:57]} 27. Rh2 {[%clk 0:06:34]} Be8 {[%clk 0:02:43]} 28. Rah1 {[%clk 0:06:10]}
g6 {[%clk 0:02:59]} 29. f4 {[%clk 0:03:40]} Rc7 {[%clk 0:03:07]} 30. Rc1 {[%clk
0:03:21]} Kg7 {[%clk 0:03:16]} 31. Kf3 {[%clk 0:03:00]} Rh8 {[%clk 0:01:56]} 32.
Rh6 {[%clk 0:03:26]} b4 {[%clk 0:01:52]} 33. axb4 {[%clk 0:03:33]} axb4 {[%clk
0:02:20]} 34. b3 {[%clk 0:02:59]} c3 {[%clk 0:01:45]} 35. Nd3 {[%clk 0:02:58]}
Rb7 {[%clk 0:01:51]} 36. Nc5 {[%clk 0:03:08]} Rb6 {[%clk 0:01:43]} 37. Ra1 {[%clk
0:03:37]} Bf7 {[%clk 0:01:23]} 38. Ra7 {[%clk 0:01:36]} Rhb8 {[%clk 0:00:50]} 39.
Rh1 {[%clk 0:01:47]} Rc8 {[%clk 0:00:51]} 40. Ke3 {[%clk 0:01:56]} Rbc6 {[%clk
0:01:00]} 41. Rha1 {[%clk 0:01:51]} Kg8 {[%clk 0:00:46]} 42. Rb7 {[%clk 0:02:06]}
Rxc5 {[%clk 0:00:41]} 43. dxc5 {[%clk 0:02:30]} Rxc5 {[%clk 0:01:10]} 44. Rxb4
{[%clk 0:01:59]} c2 {[%clk 0:01:09]} 45. Rc1 {[%clk 0:02:20]} Rc3+ {[%clk
0:00:59]} 46. Kd2 {[%clk 0:02:48]} Rxg3 {[%clk 0:01:17]} 47. Rxc2 {[%clk
0:03:17]} h5 {[%clk 0:00:47]} 48. Rc8+ {[%clk 0:03:41]} Kg7 {[%clk 0:01:12]} 49.
Rc7 {[%clk 0:04:08]} h4 {[%clk 0:00:21]} 50. Rbb7 {[%clk 0:04:38]} h3 {[%clk
0:01:50]} 51. Rxf7+ {[%clk 0:05:03]} Kg8 {[%clk 0:02:17]} 52. Rfc7 {[%clk
0:05:27]} 1-0

[Event "U12-U20 French Championships"]
[Site "chess24.com"]
[Date "2019.04.15"]
[Round "3"]
[White "Guigue, Marie-Celine"]
[Black "Fretel, Liza"]
[Result "0-1"]
[Board "8"]
[WhiteElo "1338"]
[WhiteCountry "FRA"]
[WhiteFideId "26078228"]
[WhiteEloChange "-2"]
[BlackElo "1892"]
[BlackCountry "FRA"]
[BlackFideId "26045460"]
[BlackEloChange "2"]

1. d4 {[%clk 1:30:55]} Nf6 {[%clk 1:30:54]} 2. c4 {[%clk 1:31:18]} c5 {[%clk
1:31:20]} 3. d5 {[%clk 1:31:38]} b5 {[%clk 1:31:45]} 4. cxb5 {[%clk 1:31:44]} a6
{[%clk 1:32:05]} 5. b6 {[%clk 1:31:33]} e6 {[%clk 1:32:27]} 6. Nc3 {[%clk
1:31:13]} exd5 {[%clk 1:32:49]} 7. Nxd5 {[%clk 1:31:00]} Nxd5 {[%clk 1:33:11]} 8.
Qxd5 {[%clk 1:31:15]} Nc6 {[%clk 1:33:38]} 9. Nf3 {[%clk 1:28:47]} Rb8 {[%clk
1:33:56]} 10. e4 {[%clk 1:29:06]} Be7 {[%clk 1:33:20]} 11. Bc4 {[%clk 1:28:36]}
O-O {[%clk 1:33:41]} 12. O-O {[%clk 1:25:21]} Rxb6 {[%clk 1:33:47]} 13. Ng5
{[%clk 1:25:03]} Qe8 {[%clk 1:28:36]} 14. Qf5 {[%clk 1:23:58]} g6 {[%clk
1:28:52]} 15. Qh3 {[%clk 1:21:48]} h5 {[%clk 1:26:40]} 16. Qe3 {[%clk 1:09:16]}
Nd4 {[%clk 1:21:23]} 17. Qd2 {[%clk 1:00:35]} Bxg5 {[%clk 1:19:31]} 18. Qxg5
{[%clk 1:00:07]} Qxe4 {[%clk 1:19:44]} 19. Qxc5 {[%clk 0:51:32]} Rc6 {[%clk
1:19:43]} 20. Qd5 {[%clk 0:51:07]} Ne2+ {[%clk 1:19:47]} 21. Kh1 {[%clk 0:50:02]}
Qxc4 {[%clk 1:20:04]} 22. Qxc4 {[%clk 0:39:24]} Rxc4 {[%clk 1:20:29]} 23. Be3
{[%clk 0:39:06]} Bb7 {[%clk 1:18:04]} 24. Rfd1 {[%clk 0:36:29]} Bc6 {[%clk
1:13:49]} 25. Rd6 {[%clk 0:32:55]} Nf4 {[%clk 1:11:51]} 26. Bxf4 {[%clk 0:32:29]}
Rxf4 {[%clk 1:12:15]} 27. Re1 {[%clk 0:32:24]} Rxf2 {[%clk 1:12:34]} 0-1

[Event "U12-U20 French Championships"]
[Site "chess24.com"]
[Date "2019.04.15"]
[Round "3"]
[White "Sonet, Sandy"]
[Black "Ranguin, Anna"]
[Result "1-0"]
[Board "9"]
[WhiteElo "1616"]
[WhiteCountry "FRA"]
[WhiteFideId "677710"]
[WhiteEloChange "8"]
[BlackElo "1539"]
[BlackCountry "FRA"]
[BlackFideId "26066696"]
[BlackEloChange "-8"]

1. d4 {[%clk 1:30:59]} d5 {[%clk 1:30:34]} 2. c4 {[%clk 1:31:25]} c6 {[%clk
1:30:52]} 3. Nf3 {[%clk 1:31:50]} Nf6 {[%clk 1:31:06]} 4. Qc2 {[%clk 1:32:08]} g6
{[%clk 1:30:30]} 5. e3 {[%clk 1:28:07]} Bf5 {[%clk 1:28:24]} 6. Qb3 {[%clk
1:23:11]} Qc7 {[%clk 1:27:10]} 7. cxd5 {[%clk 1:20:29]} cxd5 {[%clk 1:21:50]} 8.
Nc3 {[%clk 1:20:46]} e6 {[%clk 1:20:35]} 9. Bd2 {[%clk 1:11:33]} Nbd7 {[%clk
1:19:07]} 10. Rc1 {[%clk 1:09:59]} Qb6 {[%clk 1:17:08]} 11. Nb5 {[%clk 1:02:51]}
Rb8 {[%clk 1:14:34]} 12. Qa4 {[%clk 0:57:45]} Bd6 {[%clk 1:01:50]} 13. Ba5 {[%clk
0:55:45]} Qa6 {[%clk 1:00:53]} 14. Nc7+ {[%clk 0:55:30]} Bxc7 {[%clk 1:00:00]}
15. Bxa6 {[%clk 0:55:50]} Bxa5+ {[%clk 1:00:07]} 16. Qxa5 {[%clk 0:55:49]} bxa6
{[%clk 1:00:13]} 17. Qxa6 {[%clk 0:54:37]} O-O {[%clk 0:59:49]} 18. O-O {[%clk
0:53:54]} Rxb2 {[%clk 0:58:56]} 19. Rc8 {[%clk 0:45:56]} Rxc8 {[%clk 0:57:59]}
20. Qxc8+ {[%clk 0:46:21]} Kg7 {[%clk 0:58:24]} 21. Qa6 {[%clk 0:43:26]} Nb6
{[%clk 0:56:59]} 22. Qxa7 {[%clk 0:43:11]} Nc4 {[%clk 0:57:09]} 23. Ng5 {[%clk
0:38:26]} Nd6 {[%clk 0:56:03]} 24. a4 {[%clk 0:29:51]} h6 {[%clk 0:55:20]} 25.
Nf3 {[%clk 0:29:30]} Ra2 {[%clk 0:55:19]} 26. a5 {[%clk 0:28:11]} Bd3 {[%clk
0:55:11]} 27. Rc1 {[%clk 0:25:11]} Nfe4 {[%clk 0:54:30]} 28. Ne5 {[%clk 0:23:07]}
Bb5 {[%clk 0:50:44]} 29. f3 {[%clk 0:18:44]} Nd2 {[%clk 0:49:41]} 30. Qc5 {[%clk
0:15:00]} Nb3 {[%clk 0:47:23]} 31. Qxd6 {[%clk 0:15:15]} Nxc1 {[%clk 0:47:05]}
32. h4 {[%clk 0:07:17]} Nd3 {[%clk 0:44:45]} 33. Qe7 {[%clk 0:03:29]} Nxe5 {[%clk
0:43:28]} 34. dxe5 {[%clk 0:03:55]} Bc4 {[%clk 0:39:36]} 35. Qf6+ {[%clk
0:03:13]} Kg8 {[%clk 0:39:45]} 36. h5 {[%clk 0:02:53]} gxh5 {[%clk 0:36:32]} 37.
Qxh6 {[%clk 0:03:10]} Bd3 {[%clk 0:35:25]} 38. Qxh5 {[%clk 0:02:47]} Rxa5 {[%clk
0:34:04]} 39. Qg5+ {[%clk 0:02:14]} Kh7 {[%clk 0:34:26]} 40. Qh4+ {[%clk
0:01:19]} Kg7 {[%clk 0:34:36]} 41. Qf6+ {[%clk 0:01:35]} Kh7 {[%clk 0:33:24]} 42.
Qxf7+ {[%clk 0:01:54]} Kh8 {[%clk 0:32:09]} 43. Qxe6 {[%clk 0:01:41]} Ra1+ {[%clk
0:32:33]} 44. Kf2 {[%clk 0:01:32]} Bc4 {[%clk 0:32:04]} 45. Qf6+ {[%clk 0:01:37]}
Kg8 {[%clk 0:32:07]} 46. e6 {[%clk 0:01:53]} Ra6 {[%clk 0:32:05]} 47. Qf7+ {[%clk
0:02:04]} Kh8 {[%clk 0:32:26]} 48. e7 {[%clk 0:02:18]} Bb5 {[%clk 0:30:37]} 49.
e8Q+ {[%clk 0:02:28]} Bxe8 {[%clk 0:30:59]} 50. Qxe8+ {[%clk 0:02:54]} Kg7 {[%clk
0:31:08]} 51. Qd7+ {[%clk 0:03:06]} 1-0

[Event "U12-U20 French Championships"]
[Site "chess24.com"]
[Date "2019.04.15"]
[Round "3"]
[White "Travadon, Loic"]
[Black "Ruble, Louis"]
[Result "1-0"]
[Board "11"]
[WhiteTitle "FM"]
[WhiteElo "2456"]
[WhiteCountry "FRA"]
[WhiteFideId "26092131"]
[WhiteEloChange "1"]
[BlackElo "2002"]
[BlackCountry "FRA"]
[BlackFideId "26064677"]
[BlackEloChange "-2"]

1. Nf3 {[%clk 1:30:59]} Nf6 {[%clk 1:30:46]} 2. b3 {[%clk 1:31:24]} g6 {[%clk
1:31:01]} 3. Bb2 {[%clk 1:31:46]} Bg7 {[%clk 1:31:27]} 4. g3 {[%clk 1:32:02]} O-O
{[%clk 1:31:25]} 5. Bg2 {[%clk 1:32:29]} d5 {[%clk 1:31:21]} 6. c4 {[%clk
1:32:50]} c6 {[%clk 1:30:48]} 7. O-O {[%clk 1:33:13]} Nbd7 {[%clk 1:25:01]} 8. d4
{[%clk 1:31:52]} Ne4 {[%clk 1:20:32]} 9. e3 {[%clk 1:31:03]} Ndf6 {[%clk
1:16:48]} 10. Qe2 {[%clk 1:31:02]} Be6 {[%clk 1:13:28]} 11. Ne5 {[%clk 1:29:33]}
Qc8 {[%clk 1:12:02]} 12. cxd5 {[%clk 1:29:46]} Bxd5 {[%clk 1:10:20]} 13. f3
{[%clk 1:29:52]} Nd6 {[%clk 1:05:44]} 14. Nc3 {[%clk 1:28:49]} Be6 {[%clk
1:04:53]} 15. Rac1 {[%clk 1:27:46]} Bh3 {[%clk 0:58:29]} 16. Rfd1 {[%clk
1:26:35]} Bxg2 {[%clk 0:58:33]} 17. Kxg2 {[%clk 1:26:52]} Qf5 {[%clk 0:52:17]}
18. e4 {[%clk 1:23:47]} Qg5 {[%clk 0:51:41]} 19. h4 {[%clk 1:23:48]} Qh5 {[%clk
0:45:52]} 20. g4 {[%clk 1:23:22]} Qxh4 {[%clk 0:46:22]} 21. Rh1 {[%clk 1:23:47]}
Qg5 {[%clk 0:46:37]} 22. f4 {[%clk 1:24:06]} Qxf4 {[%clk 0:46:25]} 23. Rcf1
{[%clk 1:24:31]} Nh5 {[%clk 0:45:59]} 24. Rxh5 {[%clk 1:24:46]} Qxf1+ {[%clk
0:45:59]} 25. Qxf1 {[%clk 1:24:46]} gxh5 {[%clk 0:46:24]} 26. gxh5 {[%clk
1:25:09]} f5 {[%clk 0:46:44]} 27. Qd3 {[%clk 1:24:23]} Rad8 {[%clk 0:40:28]} 28.
Ba3 {[%clk 1:23:18]} Bxe5 {[%clk 0:30:13]} 29. dxe5 {[%clk 1:23:32]} Nf7 {[%clk
0:24:58]} 30. Qg3+ {[%clk 1:23:47]} Kh8 {[%clk 0:25:16]} 31. Bxe7 {[%clk
1:24:12]} 1-0

[Event "U12-U20 French Championships"]
[Site "chess24.com"]
[Date "2019.04.15"]
[Round "3"]
[White "Gao, Etienne"]
[Black "Weibel, Theo"]
[Result "1-0"]
[Board "12"]
[WhiteTitle "FM"]
[WhiteElo "2286"]
[WhiteCountry "FRA"]
[WhiteFideId "20688059"]
[WhiteEloChange "3"]
[BlackElo "1981"]
[BlackCountry "FRA"]
[BlackFideId "36005428"]
[BlackEloChange "-3"]

1. e4 {[%clk 1:30:36]} c5 {[%clk 1:30:46]} 2. Nf3 {[%clk 1:30:52]} Nc6 {[%clk
1:30:54]} 3. d4 {[%clk 1:30:50]} cxd4 {[%clk 1:31:04]} 4. Nxd4 {[%clk 1:31:16]}
e5 {[%clk 1:31:19]} 5. Nb5 {[%clk 1:31:25]} d6 {[%clk 1:31:33]} 6. c4 {[%clk
1:30:43]} Be7 {[%clk 1:31:55]} 7. N1c3 {[%clk 1:29:40]} a6 {[%clk 1:32:18]} 8.
Na3 {[%clk 1:30:05]} Nf6 {[%clk 1:32:22]} 9. Be2 {[%clk 1:28:01]} O-O {[%clk
1:32:16]} 10. O-O {[%clk 1:28:13]} Be6 {[%clk 1:32:05]} 11. Nc2 {[%clk 1:27:20]}
Rc8 {[%clk 1:31:13]} 12. Qd3 {[%clk 1:08:59]} Nd7 {[%clk 1:20:14]} 13. Be3 {[%clk
1:01:39]} Nc5 {[%clk 1:12:04]} 14. Qd2 {[%clk 0:58:50]} g6 {[%clk 0:58:46]} 15.
b4 {[%clk 0:57:16]} Nd7 {[%clk 0:58:28]} 16. Nd5 {[%clk 0:56:17]} f5 {[%clk
0:50:33]} 17. Bh6 {[%clk 0:53:35]} f4 {[%clk 0:37:10]} 18. b5 {[%clk 0:52:23]}
axb5 {[%clk 0:35:18]} 19. cxb5 {[%clk 0:52:37]} Rf7 {[%clk 0:29:02]} 20. bxc6
{[%clk 0:52:41]} bxc6 {[%clk 0:29:27]} 21. Nxe7+ {[%clk 0:52:38]} Qxe7 {[%clk
0:29:47]} 22. Ba6 {[%clk 0:51:30]} Rd8 {[%clk 0:28:45]} 23. g3 {[%clk 0:37:16]}
Nc5 {[%clk 0:27:38]} 24. Nb4 {[%clk 0:36:25]} Nxa6 {[%clk 0:24:35]} 25. Nxa6
{[%clk 0:31:57]} c5 {[%clk 0:23:04]} 26. Rfb1 {[%clk 0:30:41]} Qa7 {[%clk
0:19:54]} 27. Qa5 {[%clk 0:28:49]} Ra8 {[%clk 0:19:28]} 28. Rb6 {[%clk 0:28:17]}
Bc4 {[%clk 0:19:19]} 29. Rxd6 {[%clk 0:24:39]} Bxa6 {[%clk 0:19:26]} 30. Rd8+
{[%clk 0:24:33]} Rf8 {[%clk 0:19:32]} 31. Rd6 {[%clk 0:00:28]} Rf7 {[%clk
0:00:03]} 1-0

[Event "U12-U20 French Championships"]
[Site "chess24.com"]
[Date "2019.04.15"]
[Round "3"]
[White "Arnaud, Aurelien"]
[Black "Profili, Emilio"]
[Result "1-0"]
[Board "14"]
[WhiteElo "2174"]
[WhiteCountry "FRA"]
[WhiteFideId "26091895"]
[WhiteEloChange "4"]
[BlackElo "1943"]
[BlackCountry "FRA"]
[BlackFideId "45160805"]
[BlackEloChange "-4"]

1. d4 {[%clk 0:51:00]} e6 {[%clk 1:07:48]} 2. c4 {[%clk 0:51:00]} Nf6 {[%clk
1:07:42]} 3. g3 {[%clk 0:51:24]} d5 {[%clk 1:07:42]} 4. Nf3 {[%clk 0:51:49]} dxc4
{[%clk 1:07:42]} 5. Qa4+ {[%clk 0:52:14]} Bd7 {[%clk 1:08:07]} 6. Qxc4 {[%clk
0:52:39]} Bc6 {[%clk 1:08:27]} 7. Bg2 {[%clk 0:53:04]} Nbd7 {[%clk 1:08:52]} 8.
Nc3 {[%clk 0:53:29]} Be7 {[%clk 1:09:16]} 9. O-O {[%clk 0:53:54]} O-O {[%clk
1:09:16]} 10. Rd1 {[%clk 0:54:19]} Nb6 {[%clk 1:09:16]} 11. Qd3 {[%clk 0:54:44]}
Na4 {[%clk 1:09:41]} 12. Nxa4 {[%clk 0:55:09]} Bxa4 {[%clk 1:09:41]} 13. b3
{[%clk 0:55:09]} Bc6 {[%clk 1:10:06]} 14. Bg5 {[%clk 0:55:09]} Be4 {[%clk
1:10:31]} 15. Qe3 {[%clk 0:55:29]} Qd5 {[%clk 1:10:31]} 16. Bxf6 {[%clk 0:55:49]}
gxf6 {[%clk 1:10:31]} 17. Nh4 {[%clk 0:56:09]} Bxg2 {[%clk 1:10:31]} 18. Nxg2
{[%clk 0:56:34]} Rfd8 {[%clk 1:10:31]} 19. Nf4 {[%clk 0:56:51]} Qf5 {[%clk
1:10:31]} 20. d5 {[%clk 0:57:06]} e5 {[%clk 1:10:31]} 21. Ng2 {[%clk 0:57:26]}
Rd7 {[%clk 1:10:31]} 22. Nh4 {[%clk 0:57:46]} Qg4 {[%clk 1:10:31]} 23. Rac1
{[%clk 0:58:06]} b5 {[%clk 1:10:56]} 24. Qd3 {[%clk 0:58:16]} e4 {[%clk 1:06:31]}
25. Qxb5 {[%clk 0:56:14]} Rad8 {[%clk 1:06:56]} 26. Ng2 {[%clk 0:54:27]} c5
{[%clk 1:05:05]} 27. Qc4 {[%clk 0:50:03]} f5 {[%clk 1:00:21]} 28. Rc2 {[%clk
0:48:56]} Bd6 {[%clk 0:59:05]} 29. Rcd2 {[%clk 0:47:44]} Re7 {[%clk 0:57:18]} 30.
e3 {[%clk 0:47:28]} h5 {[%clk 0:55:37]} 31. Qe2 {[%clk 0:47:43]} Qg5 {[%clk
0:53:03]} 32. f4 {[%clk 0:43:33]} exf3 {[%clk 0:50:15]} 33. Qxf3 {[%clk 0:43:33]}
Rde8 {[%clk 0:50:15]} 34. Rd3 {[%clk 0:38:57]} Re4 {[%clk 0:50:15]} 35. Kf2
{[%clk 0:34:04]} a5 {[%clk 0:41:56]} 36. Nf4 {[%clk 0:34:28]} h4 {[%clk 0:27:05]}
37. Rg1 {[%clk 0:34:28]} Kf8 {[%clk 0:27:16]} 38. Ng2 {[%clk 0:34:53]} hxg3+
{[%clk 0:27:16]} 39. hxg3 {[%clk 0:34:53]} a4 {[%clk 0:27:41]} 40. Rh1 {[%clk
0:34:53]} c4 {[%clk 0:27:49]} 41. bxc4 {[%clk 0:35:18]} Rxc4 {[%clk 0:27:49]} 42.
Rd2 {[%clk 0:34:16]} Ree4 {[%clk 0:23:12]} 43. Rh5 {[%clk 0:34:16]} Bxg3+ {[%clk
0:23:36]} 44. Ke2 {[%clk 0:34:31]} Qg6 {[%clk 0:22:19]} 45. Rxf5 {[%clk 0:34:56]}
Be5 {[%clk 0:21:26]} 46. d6 {[%clk 0:32:24]} Rg4 {[%clk 0:21:26]} 47. Ne1 {[%clk
0:32:49]} Rc8 {[%clk 0:19:05]} 48. Rxe5 {[%clk 0:33:10]} Kg7 {[%clk 0:19:05]} 49.
Re7 {[%clk 0:33:16]} Rg5 {[%clk 0:16:59]} 50. d7 {[%clk 0:33:16]} Rh8 {[%clk
0:17:24]} 51. Qxf7+ {[%clk 0:33:15]} Qxf7 {[%clk 0:17:38]} 52. Rxf7+ {[%clk
0:33:15]} Kxf7 {[%clk 0:18:03]} 53. d8Q {[%clk 0:33:15]} Rxd8 {[%clk 0:18:12]}
54. Rxd8 {[%clk 0:33:39]} 1-0